It looks like you're offline.
Open Library logo
additional options menu

MARC record from Internet Archive

LEADER: 01464cam 2200421Ma 4500
001 ocm43237482
003 OCoLC
005 20210105032329.0
008 990622s1999 enka d 001 0 eng d
040 $aEQO$beng$cEQO$dUKM$dOCLCQ$dOCLCF$dOCLCQ$dOCLCO$dOCL
015 $aGBA017699$2bnb
020 $a0435311387
020 $a9780435311384
035 $a(OCoLC)43237482
082 04 $a909.82$221
100 1 $aChandler, Malcolm.
245 10 $aModern world history for Edexcel :$bSyllabus A.
260 $aOxford :$bHeinemann,$c1999.
300 $a264 pages :$billustrations ;$c28 cm
336 $atext$btxt$2rdacontent
337 $aunmediated$bn$2rdamedia
338 $avolume$bnc$2rdacarrier
500 $aIncludes index.
650 0 $aHistory$xStudy and teaching.
650 0 $aGeneral Certificate of Secondary Education$vStudy guides.
650 0 $aHistory, Modern$y20th century$vSources.
650 0 $aHistory, Modern$y20th century.
650 7 $aGeneral Certificate of Secondary Education.$2fast$0(OCoLC)fst00939697
650 7 $aHistory, Modern.$2fast$0(OCoLC)fst00958367
650 7 $aHistory$xStudy and teaching.$2fast$0(OCoLC)fst00958303
648 7 $a1900-1999$2fast
655 7 $aSources.$2fast$0(OCoLC)fst01423900
655 7 $aStudy guides.$2fast$0(OCoLC)fst01423888
700 1 $aWright, John L.
029 1 $aAU@$b000021348138
029 1 $aUNITY$b084425261
994 $aZ0$bP4A
948 $hNO HOLDINGS IN P4A - 9 OTHER HOLDINGS